Saber y Justicia (Record no. 12433)

MARC details
000 -LEADER
campo de control de longitud fija 00332nam a2200145Ia 4500
001 - NÚMERO DE CONTROL
campo de control 1509
008 - DATOS DE LONGITUD FIJA--INFORMACIÓN GENERAL
campo de control de longitud fija 241024s9999 xx 000 0 und d
020 ## - NÚMERO INTERNACIONAL ESTÁNDAR DEL LIBRO
Número Internacional Estándar del Libro 2305-2589
082 ## - NÚMERO DE LA CLASIFICACIÓN DECIMAL DEWEY
Número de clasificación [*SIN CLASIFICACION*]
100 ## - ENTRADA PRINCIPAL--NOMBRE DE PERSONA
Nombre de persona [*SIN AUTOR*]
245 #0 - MENCIÓN DEL TÍTULO
Título Saber y Justicia
260 ## - PUBLICACIÓN, DISTRIBUCIÓN, ETC.
Nombre del editor, distribuidor, etc. Imprenta La Unión
901 ## - ELEMENTOS DE DATOS A LOCAL LDA (RLIN)
a 12/2/16

No items available.

© 2024. Todos los Derechos Reservados. Desarrollado por IDEICE